Nursing Practice; (Record no. 2613)

MARC details
000 -LEADER
fixed length control field 00648nam a22002177a 4500
003 - CONTROL NUMBER IDENTIFIER
control field OSt
005 - DATE AND TIME OF LATEST TRANSACTION
control field 20151119125321.0
007 - PHYSICAL DESCRIPTION FIXED FIELD--GENERAL INFORMATION
fixed length control field http://koha.must.ac.ug:8080/cgi-bin/koha/cataloguing/addbiblio.pl?frameworkcode=BKS#
008 - FIXED-LENGTH DATA ELEMENTS--GENERAL INFORMATION
fixed length control field 151119b xxu||||| |||| 00| 0 eng d
020 ## - INTERNATIONAL STANDARD BOOK NUMBER
International Standard Book Number 0443060134
040 ## - CATALOGING SOURCE
Transcribing agency DLMN
082 ## - DEWEY DECIMAL CLASSIFICATION NUMBER
Classification number WY128 N937m2000
100 ## - MAIN ENTRY--PERSONAL NAME
Personal name Alexander,Margaret F[et..al]
9 (RLIN) 6213
245 ## - TITLE STATEMENT
Title Nursing Practice;
Remainder of title Hospital &home.
250 ## - EDITION STATEMENT
Edition statement 2nd ed
260 ## - PUBLICATION, DISTRIBUTION, ETC. (IMPRINT)
Place of publication, distribution, etc. London;
Name of publisher, distributor, etc. Churchill Livingstone.
Date of publication, distribution, etc. 2000.
300 ## - PHYSICAL DESCRIPTION
Extent xxiv,1118p;
Other physical details col,ill.
Dimensions 28cm
504 ## - BIBLIOGRAPHY, ETC. NOTE
Bibliography, etc includes index.
650 ## - SUBJECT ADDED ENTRY--TOPICAL TERM
Topical term or geographic name as entry element Nursing Practice.
9 (RLIN) 705
942 ## - ADDED ENTRY ELEMENTS (KOHA)
Source of classification or shelving scheme Other/Generic Classification Scheme
Koha item type Short Loan
Holdings
Withdrawn status Lost status Source of classification or shelving scheme Damaged status Not for loan Home library Current library Date acquired Source of acquisition Inventory number Total Checkouts Full call number Barcode Date last seen Price effective from Koha item type
    Other/Generic Classification Scheme     MUST Main Library MUST Main Library 19/11/2015   07/28556   WY128 N937m2000 2015-2677 19/11/2015 19/11/2015 Short Loan